000 00825nam a2200253Ia 4500
003 OSt
005 20220923210957.0
006 a|||||r|||| 00| 0
007 ta
008 Pun
020 _a8130201712 (hbk)
_c200
024 _a290,185
037 _b1015, 09/03/2016, H.K. Prakashan
_cTextual
040 _aARTS
_cARTS
_bPun
041 _2Pun
_aPun
082 _aO153,6NBA3w,1, Q3
100 _aਬਾਵਾ, ਮਨਮੋਹਨ
_9156291
245 0 _aਸਾਹਿਤਕ ਸਸ਼ੈ - ਜੀਵਨੀ
260 _aਪਟਿਆਲਾ
_b ਪਬਲੀਕੇFਨ ਬਿਊਰੋ
_c2013
300 _a130ਪੰ
_ccm.
650 _aਪੰਜਾਬੀ ਸਾਹਿਤ
942 _hO153,6NBA3w,1, Q3
_cTEXL
_2CC
999 _c293404
_d293404